Statystyki dla Ludzie quiz #8 - Piosenkarze i piosenkarki

Kliknij tutaj aby rozwiązać quiz!

Ogólne statystyki

  • Ten quiz został rozwiązany 49 razy
  • Średni wynik to 13 z 16

Statystyki odpowiedzi

Odpowiedź% Poprawnych
Maryla Rodowicz
100%
Doda
98%
Agnieszka Chylińska
95%
Michał Wiśniewski
95%
Dawid Podsiadło
93%
Justin Bieber
91%
Andrzej Piaseczny
82%
Billie Eilish
82%
Kora
82%
Selena Gomez
82%
Freddie Mercury
75%
Czadoman
66%
Taco Hemingway
66%
Jennifer Lopez
64%
Marek Grechuta
52%
Camila Cabello
50%

Rozkład punktacji

Percentyl według liczby udzielonych odpowiedzi

Procent ludzi z każdym wynikiem

Twoja historia wyników

Nie rozwiązałeś tego quizu